États des États-Unis par date d'admission - Statistiques

Statistiques générales
  • Ce quiz a été pris 115 fois
  • Le résultat moyen est 29 sur 50
Statistiques - réponses
Date État % Correct
1 D 7 décembre 1787 Delaware
90%
2 P 12 décembre 1787 Pennsylvanie
87%
3 N 18 décembre 1787 New Jersey
79%
4 G 2 janvier 1788 Géorgie
77%
5 C 9 janvier 1788 Connecticut
72%
17 O 1er mars 1803 Ohio
72%
13 R 29 mai 1790 Rhode Island
72%
10 V 25 juin 1788 Virginie
72%
15 K 1er juin 1792 Kentucky
70%
18 L 30 avril 1812 Louisiane
70%
27 F 3 mars 1845 Floride
69%
19 I 11 décembre 1816 Indiana
69%
16 T 1er juin 1796 Tennessee
69%
14 V 4 mars 1791 Vermont
69%
11 N 26 juillet 1788 New York
68%
7 M 28 avril 1788 Maryland
66%
9 N 21 juin 1788 New Hampshire
65%
8 C 23 mai 1788 Caroline du Sud
63%
22 A 14 décembre 1819 Alabama
62%
49 A 3 janvier 1959 Alaska
62%
25 A 15 juin 1836 Arkansas
62%
34 K 29 janvier 1861 Kansas
62%
6 M 6 février 1788 Massachusetts
62%
12 C 21 novembre 1789 Caroline du Nord
61%
50 H 21 août 1959 Hawaï
61%
21 I 3 décembre 1818 Illinois
61%
30 W 29 mai 1848 Wisconsin
59%
28 T 29 décembre 1845 Texas
58%
33 O 14 février 1859 Oregon
55%
45 U 4 janvier 1896 Utah
54%
39 D 2 novembre 1889 Dakota du Nord
52%
40 D 2 novembre 1889 Dakota du Sud
52%
20 M 10 décembre 1817 Mississippi
52%
31 C 9 septembre 1850 Californie
51%
29 I 28 décembre 1846 Iowa
51%
36 N 31 octobre 1864 Nevada
49%
42 W 11 novembre 1889 Washington
49%
23 M 15 mars 1820 Maine
46%
24 M 10 août 1821 Missouri
46%
37 N 1er mars 1867 Nebraska
46%
48 A 14 février 1912 Arizona
45%
35 V 20 juin 1863 Virginie-Occidentale
45%
44 W 10 juillet 1890 Wyoming
45%
47 N 6 janvier 1912 Nouveau-Mexique
44%
26 M 26 juillet 1837 Michigan
42%
38 C 1er août 1876 Colorado
41%
46 O 16 novembre 1907 Oklahoma
41%
43 I 3 juillet 1890 Idaho
39%
41 M 8 novembre 1889 Montana
37%
32 M 11 mai 1858 Minnesota
32%
Aucun quiz correspondant
Distribution des résultats
% des personnes avec chaque résultat
Percentile par nombre de réponses
Votre historique - résultats
Vous n’avez pas pris ce quiz